[Event "Yingmei Cup CHN-chT 2017"]
[Site "?"]
[Date "2017.08.18"]
[Round "12"]
[White "Yang, Yijing"]
[Black "Sun, Fanghui"]
[Result "1/2-1/2"]
[WhiteElo "1910"]
[BlackElo "2059"]
[Annotator "NA RC"]
[PlyCount "101"]
[EventDate "2017.??.??"]
[SourceTitle "Wuxi"]
[TimeControl "5400+30"]

1. Nf3 d5 2. g3 c6 3. Bg2 e6 4. O-O f5 5. d4 Nf6 6. c4 Be7 7. b3 O-O 8. Ba3 {
LiveBook: 163 Games} Ne4 9. Ne5 {[%emt 0:00:08] A94: Classical Dutch:
Classical Stonewall: 7 b3 c6 Ba3} (9. Qc1 Nd7 10. Bxe7 Qxe7 11. Qa3 Qf6 12. e3
b6 13. cxd5 exd5 14. b4 a5 15. b5 cxb5 16. Qb3 Bb7 17. Qxb5 Qd6 18. Rc1 Rfc8
19. Rxc8+ Rxc8 {0-1 (39) Vlasenko,M (2397)-Pridorozhni,A (2510) Alushta 2008})
9... Bxa3 10. Nxa3 Nd7 11. Nxd7 Bxd7 12. Nc2 $146 ({Predecessor:} 12. f3 Nf6
13. Qd3 Qe7 14. Nc2 Rae8 15. e4 fxe4 16. fxe4 dxe4 17. Bxe4 Nxe4 18. Qxe4 {
1-0 (37) Perez Garcia,J (1977)-Ventura Rius,A (1903) Benidorm 2009}) 12... Be8
13. e3 Qg5 14. Ne1 Bh5 15. Qd3 Qe7 16. f3 Nf6 17. Qc3 Kh8 18. Nd3 Nd7 19. e4 (
19. Rfe1 $14) 19... dxe4 (19... Bxf3 $5 20. exd5 Bxg2 21. Kxg2 exd5 $11) 20.
fxe4 Be2 21. Rf2 Bxd3 $1 22. Qxd3 fxe4 23. Rxf8+ Rxf8 24. Qxe4 Nf6 25. Qe2 Rd8
26. Rd1 e5 27. dxe5 Rxd1+ 28. Qxd1 Qxe5 29. Qd8+ Ng8 30. Qd2 Nf6 31. Qf2 a6 32.
Bf3 g5 33. g4 h5 34. gxh5 g4 35. Bg2 Kg7 36. Qg3 Qd4+ 37. Qf2 Qa1+ 38. Qf1 Qe5
39. Qd3 Qxh5 40. Qd6 Qe8 41. Kf1 Qe3 42. Qg3 Qc1+ 43. Qe1 Qf4+ 44. Kg1 Kf7 45.
Qe2 Qd4+ 46. Qf2 Qa1+ 47. Bf1 Qe5 48. Qe2 Qd4+ 49. Qf2 Qe5 50. Qe2 Qd4+ 51. Qf2
$11 1/2-1/2

[Event "Yingmei Cup CHN-chT 2017"]
[Site "?"]
[Date "2017.08.19"]
[Round "13"]
[White "Grischuk, Alexander"]
[Black "Bai, Jinshi"]
[Result "1-0"]
[WhiteElo "2783"]
[BlackElo "2555"]
[Annotator "TA"]
[PlyCount "121"]
[EventDate "2017.??.??"]
[SourceTitle "Wuxi"]

1. e4 e5 2. Nf3 Nf6 3. Nxe5 d6 4. Nf3 Nxe4 5. d4 d5 6. Bd3 Bf5 7. O-O Be7 8. c4
dxc4 {C42: Petroff Defence: 3 Nxe5 and unusual White 3rd moves} 9. Bxc4 O-O 10.
Nc3 {LiveBook: 11 Games} Nd7 {The position is equal.} 11. Re1 Nxc3 12. bxc3 c6
$146 ({Predecessor:} 12... Nb6 13. Bb3 Bf6 14. Ne5 Be6 15. Bxe6 fxe6 16. Qg4 {
1-0 (42) Sokolov,A (2550)-Tichy,V (2400) Clichy 1991}) 13. Bb3 h6 14. h3 Bd6
15. Ne5 Bxe5 16. dxe5 {[#] aiming for Qh5.} Nc5 $1 17. Ba3 Nxb3 18. Qxb3 Re8
19. Qxb7 Qb6 20. Qxb6 axb6 21. Bd6 Ra4 22. Re2 Rea8 23. Rb2 R8a6 24. Bc7 Be6
25. Rxb6 Rxb6 26. Bxb6 Rxa2 $14 {Endgame KRB-KRB} 27. Rd1 Rc2 28. Rd3 Kh7 29.
Bc5 Re2 30. Be3 Rc2 31. Bd2 Ra2 32. f3 Ra5 33. Re3 Ra2 34. Be1 g5 35. Rd3 Re2
36. Bg3 Rc2 37. Bf2 Rc1+ 38. Kh2 Rc2 39. Kg3 h5 (39... Bf5 $5 40. Rd8 Rxc3 $11)
40. Be3 Kg6 41. Bd2 Kf5 42. h4 gxh4+ 43. Kxh4 Kxe5 44. Kxh5 Bd5 45. Kg5 Ke6 46.
g4 Ra2 47. Re3+ Kd7 48. Be1 Ra1 49. Kf6 Be6 (49... c5 $142) 50. Rd3+ $16 Ke8
51. Bh4 Ra4 52. Rd6 (52. Bg3 $142) 52... Bd7 $2 (52... Ra5 $16 {is more
resistant.} 53. Rxc6 Kd7) 53. Kg7 Ra5 $2 {[#]} (53... c5 54. Rb6 Bc8) 54. Rd3
$2 (54. Rxd7 $1 Kxd7 55. Kxf7) 54... Re5 (54... c5 $142 55. Rd5 Ra4) 55. Bf6
$18 Re2 $2 (55... Rd5 56. Re3+ Be6) 56. g5 (56. f4 $142 Rf2 57. Re3+ Be6 58. f5
) 56... Rh2 57. f4 Rh3 58. Rd2 Rf3 59. Re2+ (59. g6 $142 fxg6 60. Re2+ Be6 61.
Rxe6+ Kd7 62. Re4) 59... Be6 60. g6 {Intending gxf7+ and mate.} Rg3 61. Bg5 {
Precision: White = 66%, Black = 38%.} 1-0

[Event "Yingmei Cup CHN-chT 2017"]
[Site "?"]
[Date "2017.08.19"]
[Round "13"]
[White "Ding, Liren"]
[Black "Wang, Yiye"]
[Result "1-0"]
[WhiteElo "2777"]
[BlackElo "2442"]
[Annotator "TA"]
[PlyCount "51"]
[EventDate "2017.??.??"]
[SourceTitle "Wuxi"]

1. d4 d5 2. c4 c6 3. Nf3 Nf6 4. e3 Bg4 5. Qb3 Qb6 6. Nc3 e6 7. Nh4 {D11: Slav
Defence: 3 Nf3 sidelines and 3... Nf6 4 e3 Bg4} Bh5 8. h3 g5 9. Nf3 h6 10. c5
Qc7 11. Bd3 {LiveBook: 4 Games} b6 $146 ({Predecessor:} 11... Rg8 12. Qc2 Nbd7
13. b4 Be7 14. Bb2 g4 15. hxg4 Rxg4 {1-0 (34) Caruana,F (2844)-Mamedyarov,S 
(2764) Baku 2014}) 12. cxb6 axb6 13. g4 Bg6 14. Bxg6 fxg6 15. e4 (15. O-O $14)
15... b5 (15... Bg7 $11) 16. O-O $16 b4 17. e5 {Threatens to win with Nb5.}
bxc3 18. exf6 Nd7 {[#]} 19. Re1 $1 {Bxg5 is the strong threat.} (19. bxc3 Nxf6
20. Qc2 Bd6 $11) 19... Kf7 (19... cxb2 $142 20. Qxb2 (20. Bxb2 Kf7 $14) 20...
Kf7) 20. Qxc3 {aiming for Bxg5!} Kxf6 21. h4 {Strongly threatening Qc2.} gxh4
22. g5+ ({Reject} 22. Nxh4 $6 g5 $11) 22... Kf7 23. Nxh4 $40 {White is out for
blood.} ({Much less strong is} 23. Qe3 $6 Qd6 $14) (23. a4 $18 {has better
winning chances.}) 23... hxg5 24. Bxg5 {And now Qf3+ would win.} Rh5 $2 {[#]} (
24... Qd6 $1 $14) 25. Qf3+ $1 $18 Kg7 26. Qg4 {Precision: White = 80%, Black =
25%.} 1-0

[Event "Yingmei Cup CHN-chT 2017"]
[Site "?"]
[Date "2017.08.19"]
[Round "13"]
[White "Bu, Xiangzhi"]
[Black "Xu, Zhihang"]
[Result "1-0"]
[WhiteElo "2713"]
[BlackElo "2155"]
[Annotator "TA"]
[PlyCount "53"]
[EventDate "2017.??.??"]
[SourceTitle "Wuxi"]

1. Nf3 Nf6 2. g3 d5 3. Bg2 e6 4. O-O Be7 5. d4 O-O 6. c4 c6 7. Qc2 Nbd7 8. b3
b6 9. Bb2 Bb7 10. Nc3 dxc4 {[%emt 0:00:07] E08: Closed Catalan: Main Line: Qc2}
(10... Rc8 11. e4 Nxe4 12. Nxe4 dxe4 13. Qxe4 Nf6 14. Qc2 c5 15. Rad1 cxd4 16.
Rxd4 Qc7 17. Rfd1 Rfd8 18. Qe2 h6 19. Ne5 Rxd4 20. Rxd4 Bxg2 21. Kxg2 {1-0 (69)
Mamedyarov,S (2772)-Vitiugov,N (2731) Sochi 2017}) 11. bxc4 c5 12. d5 $1 exd5 {
White is better.} 13. cxd5 Bd6 $146 ({Predecessor:} 13... Nxd5 14. Nxd5 Bxd5
15. Rad1 Be6 16. Ne5 Qc7 17. Nxd7 Bxd7 18. Bxa8 Rxa8 {0-1 (47) Vokac,M (2360)
-Prandstetter,E (2450) Trencianske Teplice 1985}) 14. Nh4 c4 (14... Re8 $142)
15. Nf5 $16 Bc5 16. Ne4 (16. d6 $18 Bxg2 17. Kxg2) 16... Nxe4 17. Qxe4 {
Intending Qg4 and mate.} Nf6 (17... Re8 $16 {might work better.} 18. Qg4 (18.
Qxc4 Ne5 $16) 18... g6) 18. Qxc4 $18 {Black must now prevent Nxg7!} Bxd5 $2 (
18... Bc8) 19. Bxd5 (19. Qf4 $142 Bxg2 20. Kxg2) 19... Qxd5 20. Qf4 $1 {
Threatens to win with Nh6+!} ({Resist} 20. Qxd5 $6 Nxd5 21. Nxg7 (21. Bxg7 Rfe8
$16) 21... Rfd8 $16) 20... Ne8 {[#]} 21. Qg5 $40 {White attacks with force.} ({
Better is} 21. Nxg7 $1 $18 f6 (21... Nxg7 22. Qf6) 22. Rfd1) 21... Qd8 $16 22.
Qg4 f6 $2 (22... Qd2 $16 23. Bxg7 (23. Nxg7 Qxb2 24. Nxe8+ Kh8 $16) 23... h5
24. Bh6+ (24. Qxh5 Nxg7 25. Nxg7 Kxg7 $17) 24... hxg4 25. Bxd2 Nd6) 23. Rad1
$18 Qc8 {[#]} 24. Rd7 $1 g6 (24... Qxd7 25. Nh6+) 25. Rfd1 Kh8 26. Qh4 h5 27.
Qg5 {Precision: White = 38%, Black = 19%.} 1-0

[Event "Yingmei Cup CHN-chT 2017"]
[Site "?"]
[Date "2017.08.19"]
[Round "13"]
[White "Moiseenko, Alexander"]
[Black "Wang, Yue"]
[Result "1/2-1/2"]
[WhiteElo "2678"]
[BlackElo "2699"]
[Annotator "TA"]
[PlyCount "60"]
[EventDate "2017.??.??"]
[SourceTitle "Wuxi"]

1. d4 Nf6 2. c4 e6 3. Nc3 d5 4. cxd5 exd5 5. Bg5 c6 6. e3 Bf5 7. Qf3 Be6 8.
Bxf6 {D35: Queen's Gambit Declined: Exchange Variation} Qxf6 9. Qxf6 gxf6 10.
Bd3 Nd7 11. Nf3 Nb6 {LiveBook: 13 Games} 12. Nh4 (12. Ne2 Nc4 13. b3 Nd6 14.
Nh4 Rg8 15. f3 Bh6 {1/2-1/2 (25) Wang,Y (2706)-Zvjaginsev,V (2661) China 2017})
12... Nc4 $146 ({Predecessor:} 12... Nc8 13. Ne2 Bb4+ 14. Kf1 Be7 15. Ng3 Nd6 {
1/2-1/2 (28) Hernandez Carmenates,H (2573)-Delgado Ramirez,N (2572) Havana 2009
}) 13. O-O-O Nd6 14. Ne2 Rg8 15. g3 f5 16. Nf4 Bh6 17. Nhg2 a5 18. a3 Ke7 19.
Kb1 Ne4 20. Rhf1 a4 21. f3 Nd6 22. Rc1 Bd7 23. Rc2 f6 24. Re1 Kf7 25. Kc1 Rae8
26. Kd2 Ra8 27. Kc1 Rae8 {The position is equal.} 28. Kd2 Ra8 29. Kc1 Rae8 30.
Kd2 Ra8 {Precision: White = 23%, Black = 46%.} 1/2-1/2

[Event "Yingmei Cup CHN-chT 2017"]
[Site "?"]
[Date "2017.08.19"]
[Round "13"]
[White "Ni, Hua"]
[Black "Ma, Qun"]
[Result "1/2-1/2"]
[WhiteElo "2677"]
[BlackElo "2640"]
[Annotator "TA"]
[PlyCount "61"]
[EventDate "2017.??.??"]
[SourceTitle "Wuxi"]

1. d4 Nf6 2. c4 e6 3. Nc3 d5 4. Bg5 Be7 5. Nf3 h6 6. Bh4 O-O 7. e3 b6 8. cxd5
Nxd5 9. Bxe7 Qxe7 10. Nxd5 exd5 11. Qb3 Be6 12. Rc1 c5 13. Qa3 Rc8 14. dxc5 {
D59: Queen's Gambit Declined: Tartakower Defence: Main line (8 cxd5 Nxd5)} (14.
Bb5 Kf8 15. dxc5 bxc5 16. O-O Nd7 17. Bxd7 Bxd7 18. Rfd1 Be6 19. Rc3 Rc7 20.
Rdc1 Rac8 21. Nd4 Bd7 {1/2-1/2 (80) Nakamura,H (2787)-Harikrishna, P (2763)
chess.com INT 2016}) 14... bxc5 15. Bb5 Qb7 16. Rxc5 Rxc5 17. Qxc5 Na6 18. Bxa6
Qxa6 {LiveBook: 8 Games} 19. Qa3 $1 Qxa3 ({Black should play} 19... Qc4 $15 20.
Kd2 Qg4) 20. bxa3 $15 {Endgame KRB-KRN} Rb8 21. O-O Rb2 22. Ra1 Bf5 23. Nd4
$146 Bd3 24. a4 Rb4 25. a5 Ra4 26. Nc6 Bb5 27. Ne7+ Kf8 28. Nxd5 Bc4 29. Nc3
Ra3 30. Rc1 Bxa2 31. Nxa2 (31. f4 $5) 1/2-1/2

[Event "Yingmei Cup CHN-chT 2017"]
[Site "?"]
[Date "2017.08.19"]
[Round "13"]
[White "Lu, Shanglei"]
[Black "Li, Chao b"]
[Result "1/2-1/2"]
[WhiteElo "2628"]
[BlackElo "2744"]
[Annotator "TA"]
[PlyCount "59"]
[EventDate "2017.??.??"]
[SourceTitle "Wuxi"]

1. e4 e5 2. Nf3 Nc6 3. Bb5 Nf6 4. Nc3 Nd4 5. Bc4 Bc5 6. Nxe5 Qe7 {C48: Four
Knights: 4 Bb5, replies other than 4...Bb4} (6... O-O 7. O-O d6 8. Nf3 Bg4 9.
Be2 Nxe2+ 10. Qxe2 d5 11. d3 Re8 {1/2-1/2 (11) Vorobiov,E (2580)-Kovalev,V 
(2598) Lisbon 2017}) 7. Nf3 d5 8. Bxd5 Bg4 9. d3 O-O-O {LiveBook: 10 Games} (
9... Nd7 $11 {keeps the balance.} 10. Bxb7 Ne5 11. Nxd4 (11. Bxa8 Bxf3 12. Nd5
Qh4 $19) 11... Bxd1) 10. Bg5 (10. Be3 $16) 10... Bb4 $11 {[#] Threatens to win
with ...Rxd5.The position is equal.} 11. a3 $1 Rxd5 12. Bxf6 $1 Bxc3+ 13. bxc3
Nxf3+ 14. gxf3 Qxf6 15. fxg4 Qxc3+ 16. Ke2 $146 ({Predecessor:} 16. Kf1 Ra5 17.
h4 h5 18. g5 b6 19. Rh3 {1/2-1/2 (19) Percze,J (2409)-Hnatovsky,N (2244) LSS
email 2013}) 16... Rc5 17. Qd2 Qxc2 18. Rhc1 Qxd2+ 19. Kxd2 {Endgame KRR-KRR}
Rg5 20. f3 h5 21. h4 Rb5 22. g5 Rb2+ 23. Kc3 Rh2 24. Rh1 Rf2 25. Rhf1 Rh2 26.
Rh1 Rf2 27. Raf1 Ra2 28. Ra1 Rf2 29. Rhf1 Rh2 30. Rh1 {Precision: White = 82%,
Black = 84%.} 1/2-1/2

[Event "Yingmei Cup CHN-chT 2017"]
[Site "?"]
[Date "2017.08.19"]
[Round "13"]
[White "Wen, Yang"]
[Black "Fang, Yuxiang"]
[Result "1/2-1/2"]
[WhiteElo "2613"]
[BlackElo "2498"]
[Annotator "TA"]
[PlyCount "71"]
[EventDate "2017.??.??"]
[SourceTitle "Wuxi"]

1. Nf3 d5 2. g3 Nf6 3. Bg2 g6 4. c4 c6 5. b3 Bg7 6. Bb2 O-O 7. d3 b6 8. Nbd2
Bb7 9. O-O c5 {A11: English Opening: 1...c6} 10. cxd5 Nxd5 11. Bxg7 Kxg7 12.
Qc1 Nc6 13. Qb2+ {[#] LiveBook: 4 Games} Kg8 $146 (13... f6 $11) ({Predecessor:
} 13... f6 14. d4 cxd4 15. Nxd4 Nxd4 16. Qxd4 e5 17. Qb2 {1-0 (31) Hou,Y (2658)
-Inarkiev,E (2732) Petropavlovsk Kamchatsky 2016}) 14. a3 Rb8 15. Rfd1 Nc7 16.
b4 Nd4 17. Nxd4 Qxd4 18. Qxd4 cxd4 19. Rdc1 Nb5 20. Bxb7 Rxb7 21. Nf3 Rd8 {
The position is equal.} 22. a4 Nc3 23. Nxd4 (23. Kf1 {keeps more tension.} f6
24. a5 e5 25. axb6 axb6 26. e4) 23... Rxd4 (23... Rc7 $5 24. Ra3 Rxd4 25. Rcxc3
Rxc3 26. Rxc3 Rxb4 $11) 24. Rxc3 Rxb4 $11 {Endgame KRR-KRR} 25. a5 $1 b5 26.
Kf1 Ra4 27. Rxa4 bxa4 {KR-KR} 28. Ra3 Rb1+ 29. Kg2 Rb4 30. Kf3 Kf8 31. Ke3 $1
Ke8 32. Kd2 $1 Rb2+ 33. Ke3 Rb4 34. Kd2 $1 Rb2+ 35. Kd1 Rb1+ $1 36. Kd2 {
Precision: White = 84%, Black = 74%.} 1/2-1/2

[Event "Yingmei Cup CHN-chT 2017"]
[Site "?"]
[Date "2017.08.19"]
[Round "13"]
[White "Zhao, Jun"]
[Black "Ma, Zhonghan"]
[Result "1/2-1/2"]
[WhiteElo "2603"]
[BlackElo "2467"]
[Annotator "TA"]
[PlyCount "184"]
[EventDate "2017.??.??"]
[SourceTitle "Wuxi"]

1. e4 e5 2. Nf3 Nc6 3. Nc3 Nf6 4. d4 exd4 5. Nxd4 Bb4 6. Nxc6 bxc6 7. Bd3 d5 8.
exd5 cxd5 9. O-O O-O 10. h3 {[%emt 0:00:04] C7: Scotch Four Knights and Four
Knights with 4 g3} (10. Bg5 c6 11. Qf3 Rb8 12. Ne2 Bg4 13. Bxf6 Bxf3 14. Bxd8
Bxe2 15. Bxe2 Rfxd8 16. Rfd1 Be7 17. Rab1 Bf6 18. b3 Kf8 19. c4 dxc4 20. Bxc4
Rxd1+ 21. Rxd1 {1/2-1/2 (30) Kuzubov,Y (2646)-Kravtsiv,M (2657) Kocaeli 2017})
10... c6 11. Qf3 Be6 12. Ne2 Bd6 {LiveBook: 5 Games} 13. Bg5 h6 14. Bxf6 Qxf6
15. Qxf6 gxf6 16. Ng3 c5 $146 ({Find the theoretical novelty and annotate with
similar games:} 16... Rab8 17. Rab1 c5 {1/2-1/2 (39) Krivoborodov,E (2507)
-Gruber,M (2218) Schwarzach 2014}) 17. Rad1 (17. Nf5 $5 c4 18. Nxh6+ (18. Nxd6
cxd3 19. cxd3 Rab8 $11) 18... Kh8 19. Bf5 $11) 17... Rab8 18. b3 Rfd8 19. Rfe1
Be5 20. Nf5 {Threatening Ne7+.} Bxf5 21. Bxf5 Kf8 22. Re3 Bc7 23. Rf3 Rb6 24.
Bg4 Be5 25. Rf5 Rbd6 26. Be2 Bd4 27. Bf3 Re8 28. g3 Re5 29. Rf4 Bc3 30. Kg2 d4
31. Be4 Rde6 32. Bd3 Kg7 33. Rg4+ Rg5 34. Rh4 {aiming for f4.} Re1 35. Rxe1
Bxe1 $16 {Endgame KRB-KRB} 36. Kf3 Re5 37. Rg4+ Kf8 38. Rh4 Kg7 $1 39. Rg4+ Kf8
40. Rf4 Kg7 41. g4 h5 42. gxh5 Rxh5 43. h4 Bd2 44. Rf5 Rxf5+ 45. Bxf5 {KB-KB}
Be1 46. Ke2 Bb4 47. f4 Kh6 48. Bg4 f5 49. Bf3 ({Don't play} 49. Bxf5 $6 Kh5 $11
) 49... Kg6 50. h5+ Kf6 51. Kd3 Ba3 52. Kc4 a6 (52... d3 $16 {was necessary.}
53. Kxd3 (53. cxd3 Kg7 $16) 53... Bc1) 53. Bb7 a5 54. Kb5 Bb4 {[#]} 55. Bc8 $1
Kg7 (55... Bd2 $16 {is a better defense.} 56. h6 (56. Kxc5 Be3 $16) 56... Kg6)
56. Bxf5 $18 Kh6 57. Bg4 Kg7 58. Bf3 Kh6 59. Be2 Kg7 60. Bc4 f6 (60... Kf6 {
was called for.} 61. Bd5 Kg7) 61. Bd3 Kh6 62. Bg6 Kg7 63. Bd3 Kh6 64. Be2 Kg7
65. Bf3 Kh6 66. Bd1 Kg7 67. Be2 Kh6 68. Kc4 Kg7 $2 (68... Ba3 69. Kb5 Bb4) 69.
Bd3 $2 (69. f5 $18 Kh6 70. Kd5) 69... Kh6 $16 70. Bg6 Kg7 71. Kd5 Ba3 $2 (71...
Kh6 $16 {is tougher.} 72. Be8 Ba3) 72. Be8 $2 (72. Be4 $18 {has better winning
chances.} Kh6 73. Bf3) 72... Bb4 $2 {[#]} (72... Kh6 $16 73. Kc4 Bb4) 73. Bb5
$1 $18 Ba3 74. Bd3 Bb4 75. Ke6 Bd2 76. f5 Bc1 77. Bc4 Bd2 78. Bd3 Bc1 $1 79.
h6+ Bxh6 $2 (79... Kxh6 80. Kxf6 Bg5+ 81. Kf7 Bd8) 80. Kd6 Kf7 81. Kxc5 Be3 (
81... Bf4 $142 82. Kxd4 Be5+ 83. Kc5 Bc3) 82. b4 $2 (82. Kb5 $18 Bd2 83. Kc5)
82... axb4 $16 83. Kxb4 Ke7 84. Kc5 Kd7 85. Kb6 Kc8 86. a4 Kb8 87. a5 Bf4 88.
a6 Bc7+ 89. Kc6 {Threatening mate with a7+!} Be5 90. Kb6 {White wants to mate
with a7+.} Bc7+ 91. Kc6 {Intending a7+! and mate.} Be5 $1 92. Kb6 {White
threatens a7+ and mate.} Bc7+ {Precision: White = 64%, Black = 49%.} 1/2-1/2

[Event "Yingmei Cup CHN-chT 2017"]
[Site "?"]
[Date "2017.08.19"]
[Round "13"]
[White "Zhou, Jianchao"]
[Black "Gao, Rui"]
[Result "1/2-1/2"]
[WhiteElo "2597"]
[BlackElo "2552"]
[Annotator "TA"]
[PlyCount "75"]
[EventDate "2017.??.??"]
[SourceTitle "Wuxi"]

1. Nf3 d5 2. d4 Nf6 3. Bf4 c5 4. e3 Nc6 5. c3 Qb6 6. Qb3 c4 7. Qc2 Bf5 8. Qc1
e6 9. Nbd2 h6 {[%emt 0:00:03] D02:1 d4 d5 2 Nf sidelines, including 2...Nf6 3
g3 and 2...Nf6 3 Bf4} 10. Be2 Be7 11. Ne5 (11. b3 cxb3 12. axb3 O-O 13. O-O
Rfc8 14. Qb2 a5 15. Ra4 Qd8 16. Rfa1 Ne8 17. h3 {1/2-1/2 (51) Yu,Y (2747)-Maze,
S (2591) Gibraltar 2016}) 11... Nxe5 12. Bxe5 {LiveBook: 6 Games} Qc6 13. b3 b5
14. a4 {Threatens to win with axb5.} a6 $1 15. b4 (15. Bxf6 $5 Bxf6 16. axb5
axb5 17. Rxa8+ Qxa8 18. O-O $15) 15... O-O 16. a5 Bh7 $146 ({Find the
theoretical novelty and annotate with similar games:} 16... Nd7) 17. O-O Nd7
18. Bg3 Rae8 19. Bd1 Bf6 20. Bc2 Bxc2 21. Qxc2 e5 22. dxe5 Bxe5 23. Nf3 Bxg3
24. hxg3 Nf6 25. Rad1 Re4 26. Rd4 Rfe8 27. Rfd1 Qe6 28. Rxe4 Nxe4 29. Nd4 (29.
g4 $5) 29... Qf6 30. g4 {[#]} (30. Rf1 $11 {and White has nothing to worry.})
30... Nd6 $2 (30... h5 $1 $19 31. f3 (31. gxh5 Re5 $17) 31... Ng3 32. gxh5 Rxe3
) 31. Ne2 $1 $14 Qg5 32. Nf4 Re5 33. Rd4 Ne8 34. Qd1 Nf6 35. Nh3 Qg6 36. Nf4
Qg5 37. Nh3 Qg6 38. Nf4 {Precision: White = 41%, Black = 69%.} 1/2-1/2

[Event "Yingmei Cup CHN-chT 2017"]
[Site "?"]
[Date "2017.08.19"]
[Round "13"]
[White "Lei, Tingjie"]
[Black "Guo, Qi"]
[Result "1/2-1/2"]
[WhiteElo "2514"]
[BlackElo "2404"]
[Annotator "TA"]
[PlyCount "114"]
[EventDate "2017.??.??"]
[SourceTitle "Wuxi"]

1. e4 e5 2. Nf3 Nf6 3. Nc3 Bb4 4. Nxe5 O-O 5. Nd3 Bxc3 6. dxc3 Nxe4 7. Be2 d6
8. O-O Re8 {C42: Petroff Defence: 3 Nxe5 and unusual White 3rd moves} (8... Nd7
9. Bf3 Ndf6 10. c4 Re8 11. Be3 h6 12. Re1 Bf5 13. Nf4 c6 14. Bd4 Qd7 15. h3 Re7
16. Bxe4 Nxe4 {1/2-1/2 (58) Amonatov,F (2620)-Li,C (2720) Doha 2016}) 9. f3 {
LiveBook: 11 Games} Ng5 10. b3 $146 ({Predecessor:} 10. Bf4 Qf6 11. Qd2 Ne6 12.
Bg3 Nc6 13. Rae1 Bd7 14. Nf2 h6 15. Ne4 Qe7 16. c4 {0-1 (66) Mohr,G (2492)
-Belsak,Z (2124) Slovenia 2013}) 10... Nc6 11. Nf4 Ne6 12. Nd5 Ne7 13. Re1 Nxd5
14. Qxd5 Qf6 15. Bd2 Qe5 16. Qxe5 dxe5 17. Bc4 Nf8 18. f4 (18. Bd3 $14) 18...
Be6 19. Bd3 exf4 20. Bxf4 c6 21. a4 a6 22. b4 Bd7 23. Rxe8 (23. a5 {looks
sharper.} Ne6 24. Bd6 g6 25. Rad1 Ng7 26. Re7) 23... Bxe8 24. c4 f6 25. Re1 Bg6
26. Bd6 Bxd3 27. cxd3 $11 {Endgame KRB-KRN} Rd8 28. c5 Ng6 29. d4 Nh4 30. Rf1
Re8 31. b5 Re4 (31... Kf7 $14) 32. d5 $16 axb5 33. axb5 cxb5 34. g3 Ng6 35. Rb1
(35. Ra1 $1 $14) 35... Ne7 36. Bxe7 Rxe7 37. Rxb5 $11 {Strongly threatening d6.
KR-KR} Rd7 38. d6 Kf7 39. Rb1 Ke6 40. Re1+ Kd5 41. Re7 Kc6 $1 42. Rxd7 $1 Kxd7
{KP-KP} 43. Kf2 Kc6 44. Ke3 b5 $2 (44... b6 $11 45. d7 Kxd7 46. cxb6 Kc6) 45.
Kd4 $1 $18 h5 46. h3 $1 g6 47. g4 h4 {[#]} 48. Ke4 $2 ({White has to play} 48.
g5 $1 $18 fxg5 49. Ke5) 48... b4 $11 {The position is equal.} 49. Kd4 f5 50.
gxf5 gxf5 {K3P-K3P} 51. Ke5 $1 {Hoping for Ke6.} b3 52. Ke6 b2 53. d7 b1=Q {
( -> ...Qe4+)} ({Don't go for} 53... Kc7 $2 54. Ke7 $18) 54. d8=Q {White wants
to mate with Qc8+.} Qe4+ 55. Kf6 {Threatens to win with Qd6+.} Kxc5 {...f4 is
the strong threat.} 56. Qc8+ Kd6 {aiming for ...f4.} (56... Kb4 $5) 57. Qxf5
Qxf5+ {Precision: White = 64%, Black = 52%.} 1/2-1/2

[Event "Yingmei Cup CHN-chT 2017"]
[Site "?"]
[Date "2017.08.19"]
[Round "13"]
[White "Tan, Zhongyi"]
[Black "Yuan, Ye"]
[Result "1-0"]
[WhiteElo "2508"]
[BlackElo "2306"]
[Annotator "TA"]
[PlyCount "125"]
[EventDate "2017.??.??"]
[SourceTitle "Wuxi"]

1. Nf3 Nf6 2. g3 g6 3. Bg2 Bg7 4. c4 c6 5. d4 d5 6. Qa4 {[%emt 0:00:05]
LiveBook: 28 Games. D73: Fianchetto Grünfeld: Nf3} (6. O-O O-O 7. b3 dxc4 8.
bxc4 c5 9. Bb2 cxd4 10. Nxd4 Nc6 11. e3 Bd7 12. Nxc6 Bxc6 13. Bxc6 {1/2-1/2 
(13) Yu,Y (2753)-Grischuk,A (2761) Jiayuguan 2017}) 6... Nfd7 7. cxd5 $146 ({
Find the theoretical novelty and annotate with similar games:} 7. Qc2 O-O 8.
O-O Nf6 9. Bf4 Qb6 10. Nbd2 Bf5 11. Qb3 Nbd7 12. h3 Qxb3 13. axb3 Ne4 14. cxd5
cxd5 {1-0 (43) Wen,Y (2617)-Idani,P (2578) Bandar e Anzali 2017}) 7... Nb6 8.
Qd1 {The position is equal.} cxd5 9. O-O O-O 10. b3 Nc6 11. Bb2 Bf5 12. Nbd2
Qd7 13. Rc1 Bh3 14. a3 Bxg2 15. Kxg2 a5 16. e3 Nc8 17. Ne5 Nxe5 18. dxe5 Nd6
19. Rc2 Nf5 20. g4 Nh4+ 21. Kg3 g5 22. f4 (22. Ne4 $5) 22... Qe6 23. Nf3 Nxf3
24. Qxf3 f5 25. exf6 Bxf6 26. Bxf6 Rxf6 27. Rc5 Rd8 28. Rd1 gxf4+ ({Better is} 
28... Kg7 $1 $14) 29. exf4 $16 d4 30. Re5 (30. Rxa5 $16 {aiming for Re5.} Rc8
31. Re5 Qxe5 32. fxe5 Rxf3+ 33. Kxf3) 30... Qxe5 $1 $11 31. fxe5 Rxf3+ 32. Kxf3
{Endgame KR-KR} Rd5 (32... a4 $11) 33. Ke4 $16 Rb5 34. Rd3 ({Don't play} 34.
Kxd4 $6 Rxb3 35. Kd5 Kf7 $11) 34... Kf7 35. a4 ({White should play} 35. Kxd4
$16 Ke6 36. Rh3) 35... Rb4 $11 36. Kd5 b5 $1 37. Rf3+ Ke8 $1 38. axb5 Rxb5+ 39.
Kxd4 Rb4+ 40. Kd5 Rxg4 41. Rh3 Rb4 42. Rxh7 Rb5+ 43. Ke6 (43. Kc4 {feels
hotter.} Rxe5 44. Rh4 Kf7 45. Rh7+ Kg6 46. Rh3) 43... Rb6+ 44. Kf5 Rxb3 45.
Rh8+ (45. e6 $5 Rf3+ 46. Ke4 $11) 45... Kf7 46. Rh7+ Kf8 47. h4 a4 48. h5 Rb6 {
[#]} (48... Rb1 $11 {remains equal.}) 49. e6 (49. Rh8+ $1 $16 Kg7 50. Ra8)
49... a3 50. h6 Kg8 $132 {Black is not keeping still} 51. Rg7+ Kh8 $1 {Hoping
for ...a2.} 52. Rxe7 {Kg6 would kill now.} Ra6 $2 (52... Rb2 $14) 53. Re8+ Kh7
54. e7 a2 {[#]} 55. Rh8+ $1 Kxh8 56. e8=Q+ {KQ-KR} Kh7 57. Qe7+ Kxh6 58. Qh4+
Kg7 59. Qd4+ Kh7 60. Qa1 $2 (60. Qd7+ {NOTEXT} Kh6 61. Qd2+ Kh7 62. Qh2+ Rh6
63. Qxa2 Kh8 64. Qb2+ Kh7 65. Qb7+ Kg8 66. Kg5) 60... Kg8 $16 {[#]White is
clearly better.} 61. Ke5 $1 {Threatens to win with Kd4.} Ra5+ 62. Kd6 Ra3 (
62... Kf7 {keeps fighting.} 63. Kc6 Ra8) 63. Kc6 {Precision: White = 46%,
Black = 57%.} 1-0